Реконструкция и визуализация параметров плазменного разряда токамака КТМ; Ресурсоэффективным технологиям - энергию и энтузиазм молодых

Detaylı Bibliyografya
Parent link:Ресурсоэффективным технологиям - энергию и энтузиазм молодых.— 2012.— [С. 136-138]
Yazar: Саньков А. А.
Diğer Yazarlar: Малахов А. В. (научный руководитель), Хохряков В. С., Павлов В. М. Вадим Михайлович
Özet:Заглавие с экрана
Dil:Rusça
Baskı/Yayın Bilgisi: 2012
Seri Bilgileri:Интеллектуальные информационно-телекоммуникационные системы мониторинга и управления
Konular:
Online Erişim:http://www.lib.tpu.ru/fulltext/c/2012/C08/056.pdf
Materyal Türü: Elektronik Kitap Bölümü
KOHA link:https://koha.lib.tpu.ru/cgi-bin/koha/opac-detail.pl?biblionumber=234201

MARC

LEADER 00000naa2a2200000 4500
001 234201
005 20260121132325.0
035 |a (RuTPU)RU\TPU\book\255311 
035 |a RU\TPU\book\255276 
090 |a 234201 
100 |a 20130320d2012 k y0rusy50 ca 
101 0 |a rus 
102 |a RU 
181 0 |a i  
182 0 |a b 
200 1 |a Реконструкция и визуализация параметров плазменного разряда токамака КТМ  |f А. А. Саньков, А. В. Малахов, В. С. Хохряков  |g науч. рук. В. М. Павлов 
203 |a Текст  |c электронный 
215 |a 1 файл (452 Кб) 
225 1 |a Интеллектуальные информационно-телекоммуникационные системы мониторинга и управления 
300 |a Заглавие с экрана 
320 |a [Библиогр.: с. 138 (5 назв.)] 
337 |a Adobe Reader 
463 1 |0 (RuTPU)RU\TPU\book\251281  |t Ресурсоэффективным технологиям - энергию и энтузиазм молодых   |o сборник докладов III Университетской конференции студентов Элитного технического образования, г. Томск, 16 -17 апреля 2012 г.  |f Национальный исследовательский Томский политехнический университет (ТПУ)   |v [С. 136-138]  |d 2012 
610 1 |a электронный ресурс 
610 1 |a труды учёных ТПУ 
610 1 |a реконструкция 
610 1 |a визуализация 
610 1 |a плазменные разрядные каналы 
610 1 |a токамаки КТМ 
610 1 |a токамаки 
700 1 |a Саньков  |b А. А. 
701 1 |a Малахов  |b А. В. 
701 1 |a Хохряков  |b В. С. 
702 1 |a Павлов  |b В. М.  |c специалист в области автоматики и электроники  |c доцент Томского политехнического университета, кандидат технических наук  |f 1965-  |g Вадим Михайлович  |3 (RuTPU)RU\TPU\pers\25738  |4 727  |9 11640 
801 1 |a RU  |b 63413507  |c 20101016 
801 2 |a RU  |b 63413507  |c 20141202  |g RCR 
856 4 |u http://www.lib.tpu.ru/fulltext/c/2012/C08/056.pdf 
942 |c CF